000 00920nas a2200313 4500
001 BR0001433
003 BR-BrBNA
005 20231205101804.0
007 ta
008 230509b bl.|||p| |||| 00| 00por d
040 _aBR-BrBNA
_bpor
_cBiblioteca Nacional de Agricultura
041 _a(En)
072 _aF70; H10
100 1 _aFernandes, G.W.
100 1 _aAraujo, R.C.
100 1 _aAraujo, S.C.
100 1 _aLombardi, J.A.
100 1 _aPaula, A.S. de
100 1 _aLoyola Junior, R.
100 1 _aCornelissen, T.G.
245 1 _aInsect galls from savanna and rocky fields of the Jequitinhonha Valley, Minas Gerais, Brazil
650 _aPlanta Hospedeira
650 _aInseto
650 _aMorfologia Vegetal
650 _aMinas Gerais
773 0 _tNaturalia (Brazil)
_xISSN 0101-1944
_g(1997), v. 22 p. 221-244
_wBR0001433
909 _a202311
_bLúcia
_c55
_dLúcia Elande
942 _2AGRIS
_n0
_cANA
999 _c163920
_d163920